| 000 | 00469ntm a22001937a 4500 | ||
|---|---|---|---|
| 005 | 20230331150848.0 | ||
| 008 | 170530b2000 xxu||||| |||| 00| 0 spa d | ||
| 041 | _aESP | ||
| 082 | _aR 413.1 D545d | ||
| 245 | _aDiccionario esencial de sinónimos y antónimos | ||
| 260 | _aEspaña | ||
| 260 | _bVox | ||
| 260 | _c2000 | ||
| 300 | _a390 páginas | ||
| 650 |
_aDICCIONARIO _973779 |
||
| 650 |
_aSINÓNIMOS _973780 |
||
| 650 |
_aANTÓNIMOS _973781 |
||
| 942 | _cREF | ||
| 999 |
_c12415 _d12415 |
||